Android aplikácia pre kontrolu kvality zváraných výrobkov
Gespeichert in:
| 1. Verfasser: | |
|---|---|
| Weitere Verfasser: | |
| Format: | Manuskript Buch |
| Sprache: | Slowakisch |
| Veröffentlicht: |
Bratislava :
STU v Bratislave FEI,
2025
|
| Schlagworte: | |
| Online-Zugang: | https://opac.crzp.sk/?fn=detailBiblioFormChildE66D2&sid=BA75C2D62745AD5727EC9B9ED92F&seo=CRZP-detail-kniha |
| Tags: |
Keine Tags, Fügen Sie das erste Tag hinzu!
|
MARC
| LEADER | 00000ntm a22000003a 4500 | ||
|---|---|---|---|
| 001 | stuzp102348 | ||
| 003 | SK-STU | ||
| 005 | 20260210093517.5 | ||
| 007 | ta | ||
| 008 | 150427s2015----xo-----f-mn---000-0-slo-d | ||
| 040 | |a STU |b slo | ||
| 041 | 0 | |a slo | |
| 044 | |a xo | ||
| 100 | 1 | |a Kostúrik, Nikolas |u 031000 |4 aut |U FEI Fakulta elektrotechniky a informatiky |T FEI Ústav robotiky a kybernetiky |X 106316 |U E011 |Y 356 |7 106316 | |
| 242 | 0 | 1 | |a Android Application for the Quality Inspection of Welded Products |y eng |
| 245 | 1 | 0 | |a Android aplikácia pre kontrolu kvality zváraných výrobkov |
| 260 | |a Bratislava : |b STU v Bratislave FEI, |c 2025 | ||
| 300 | |a 44 s. | ||
| 650 | 4 | |a mobilná aplikácia |2 slo | |
| 650 | 4 | |a kontrola zvarov |2 slo | |
| 650 | 4 | |a kvalita zvárania |2 slo | |
| 650 | 4 | |a welding quality |2 eng | |
| 650 | 4 | |a mobile application |2 eng | |
| 650 | 4 | |a weld inspection |2 eng | |
| 700 | 1 | |a Trebuľa, Marek |u 031000 |k Z3 |4 ths |U FEI Fakulta elektrotechniky a informatiky |T FEI Ústav robotiky a kybernetiky |X 86453 |U E011 |Y 356 |7 86453 | |
| 856 | 4 | |u https://opac.crzp.sk/?fn=detailBiblioFormChildE66D2&sid=BA75C2D62745AD5727EC9B9ED92F&seo=CRZP-detail-kniha | |